|
|
|
|
| LEADER |
01148nam a2200277 a 4500 |
| 008 |
100524s2006 cau 000 0 eng d |
| 020 |
|
|
|a 9846431575 (pbk.)
|
| 040 |
|
|
|a DLC
|c DLC
|d DLC
|d BD-DhAAL
|
| 082 |
0 |
0 |
|a 812/.52
|2 22
|
| 100 |
1 |
|
|a O'Neill, Eugene,
|d 1888-1953.
|
| 245 |
1 |
0 |
|a Desire under the elms /
|c by Eugene O'Neill ;with an introduction by Tuhin Mukherjee.
|
| 260 |
|
|
|a New Delhi :
|b Friends' Book Corner,
|c c2006.
|
| 300 |
|
|
|a i, 130 p. ;
|c 18 cm.
|
| 490 |
0 |
|
|a Friends' classics
|
| 541 |
1 |
|
|e 00020284
|
| 650 |
|
0 |
|a Farmers
|v Drama.
|
| 650 |
|
0 |
|a Fathers and sons
|v Drama.
|
| 650 |
|
0 |
|a Adultery
|v Drama.
|
| 650 |
|
0 |
|a Avarice
|v Drama.
|
| 650 |
|
0 |
|a Lust
|v Drama.
|
| 650 |
|
0 |
|a Infanticide
|v Drama.
|
| 700 |
1 |
|
|a Mukherjee, Tuhin.
|
| 852 |
4 |
|
|a Ayesha Abed Library
|j General Shelf
|
| 999 |
|
|
|c 8701
|d 8701
|
| 952 |
|
|
|0 0
|1 0
|2 ddc
|4 0
|6 812_520000000000000_ONE_2006
|7 0
|9 10471
|a BRACUL
|b BRACUL
|c GEN
|d 2010-05-24
|l 6
|m 36
|o 812.52 ONE
|p 3010020284
|r 2025-02-17
|s 2025-02-16
|t 1
|w 2010-05-24
|y BK
|
| 952 |
|
|
|0 0
|1 0
|2 ddc
|4 0
|6 812_520000000000000_ONE_2006
|7 0
|9 10511
|a BRACUL
|b BRACUL
|c GEN
|d 2010-05-25
|l 5
|m 16
|o 812.52 ONE
|p 3010020274
|r 2025-08-09
|s 2025-08-04
|t 2
|w 2010-05-25
|y BK
|